00739nam a22001937a 4500008004100000020001500041040000900056050002300065100001900088245016900107260006400276300002900340504003800369650001300407650002600420700002200446700001900468711005800487190516b xxu||||| |||| 00| 0 eng d a9966778837 amksu aHD 2741b.B63 2011 a Sanda, Ahmadu aBoard independence and firm financial performance :b evidence from Nigeria /c Sanda, Ahmadu; African Economic Research Consortium; Garba, Tukur; Mikailu, Aminu S. aNairobi :bThe African Economic Research Consortium,c2011. avi,35p. :bill. ;c25cm. ainclude bibliographic references. aNigeria. aCorporate governance. aMikailu, Aminu S. a Garba, Tukur. a African Economic Research Consortium.dJanuary 2011.